000
00273nam a2200109Ia 4500
008
190907s9999||||xx |||||||||||||| ||und||
100
_a
Conard Phillip Kottak
245
0
_a
Cultural Anthropology
260
_a
New York
_b
Prentice Hall Inc.
_c
2002
300
_a
545
942
_c
BK
999
_c
6463
_d
6463